| 000 | 01456nam a2200373 a 4500 | ||
|---|---|---|---|
| 001 | 000113927 | ||
| 003 | CHAP | ||
| 005 | 20250912083915.0 | ||
| 008 | 171009s2017 mx sm |||||||spa d | ||
| 010 | _a110388 | ||
| 011 | _a111360 | ||
| 040 | _cCHAP | ||
| 090 | _aTesis | ||
| 100 | 1 |
_aBelmares Molina, Ulises Isabel _9133691 |
|
| 245 | 1 | 0 |
_aTamaño de muestreo y métodos de muestreo del banco de semillas de cuatro especies de malezas en chapingo, México _h[En línea] _cpor Ulises Isabel Belmares Molina y Adrián Hernández Aguilar. |
| 260 |
_aChapingo, Méx. : _bEl autor, _c2017. |
||
| 500 | _aPara ver el contenido del material haga clic en la liga | ||
| 502 | _aTesis (Ing. Agr. Esp. en Parasitología Agrícola) -- UACH. Departamento de Parasitología Agrícola | ||
| 590 |
_aBATCH _b00 _c20181121 _lUCH01 _h0759 |
||
| 590 |
_aE6339RRR _b05 _c20171009 _lUCH01 _h1125 |
||
| 590 |
_aE6339RRR _b05 _c20171009 _lUCH01 _h1126 |
||
| 590 |
_aE6339RRR _b05 _c20171009 _lUCH01 _h1127 |
||
| 590 |
_aE6339RRR _b05 _c20171009 _lUCH01 _h1128 |
||
| 590 |
_aE6339RRR _b05 _c20171009 _lUCH01 _h1135 |
||
| 650 | 1 | 4 |
_aMalas hierbas _xFisiología. _970018 |
| 650 | 1 | 4 |
_aMalas hierbas _xInvestigación. _970021 |
| 650 | 1 | 7 |
_aMalas hierbas _xSemillas _2 _970037 |
| 700 | 1 |
_aHernández Aguilar, Adrián _9133692 |
|
| 856 |
_a1 _n0000895 |
||
| 856 |
_aFinding aid _uhttp://10.13.5.2/tesis/sist113927.pdf _zTeclea aquí |
||
| 901 | _aBK | ||
| 942 | _cTESIS | ||
| 942 | _n0 | ||
| 999 |
_c110388 _d110388 |
||